000 00464nam a22001457a 4500
003 MACL
005 20200229164432.0
008 200229b xxu||||| |||| 00| 0 eng d
040 _cMACL
100 _aराघव, रांगेय
_937128
245 _aगोरखनाथ और उनका युग
260 _aदिल्‍ली
_bआत्‍माराम एण्‍ड संस
_c2017
650 _aधर्म
_978505
942 _2ddc
_cHIN
999 _c62277
_d62277